000
00228nam a2200097Ia 4500
008
170627s9999 xx 000 0 und d
100
_a
DESAI VASANT
245
0
_a
DYNAMIES OF ENTEREPRENURIAL REULP &MGT
260
_b
HPH
260
_c
2007
546
_a
ENGLISH
999
_c
35571
_d
35571